Cảm nhận bản sắc văn hóa Nam Bộ

Na minha lista:
Detalhes bibliográficos
Autor principal: Huỳnh, Công Tín
Formato: Livro
Idioma:Undetermined
Publicado em: Hà Nội Văn Hoá Thông tin
Assuntos:
Tags: Adicionar Tag
Sem tags, seja o primeiro a adicionar uma tag!
Thư viện lưu trữ: Trung tâm Học liệu Trường Đại học Cần Thơ
LEADER 00550nam a2200193Ia 4500
001 CTU_117985
008 210402s9999 xx 000 0 und d
020 |c 47000 
082 |a 305.89597 
082 |b T311 
100 |a Huỳnh, Công Tín 
245 0 |a Cảm nhận bản sắc văn hóa Nam Bộ 
245 0 |c Huỳnh Công Tín 
260 |a Hà Nội 
260 |b Văn Hoá Thông tin 
650 |a south vietnam 
650 |x civilization 
904 |i Nguyên 
980 |a Trung tâm Học liệu Trường Đại học Cần Thơ